noah kahan songs - Statistics

General Stats
  • This quiz has been taken 106 times
  • The average score is 17 of 23
Answers on the Grid
Answers color-coded by a green-red scale on the quiz's grid according to % correct below.
northern attitude
stick season
we were vampires
call your mom
false confidence
dial drunk
antarctica
rocking around the christmas tree
sun to me
i had some help
tennessee orange
the good ill do
growing sideways
passenger
new perspective
paul revere
all my love
orange juice
no complaints
troubled mess
messy
like him
like me
everywhere, everything
your needs my needs
i burned la down
strawberry wine
glue myself shut
apple juice
forever
maine
godlight
homesick
she calls me back
luther
30 for 30
 
Answer Stats
Answer % Correct
northern attitude
98%
false confidence
97%
stick season
97%
dial drunk
94%
call your mom
92%
all my love
89%
growing sideways
89%
new perspective
85%
orange juice
85%
paul revere
79%
homesick
77%
everywhere, everything
76%
she calls me back
76%
maine
74%
no complaints
74%
strawberry wine
73%
forever
70%
your needs my needs
67%
glue myself shut
59%
godlight
53%
passenger
53%
we were vampires
45%
troubled mess
14%
No matching quizzes found
Score Distribution
Percent of People with Each Score
Percentile by Number Answered
Your Score History
You have not taken this quiz